Az éves beszámoló elemzésének módszerei információtartalmának vállalkozói szintű hasznosítása a Phoenix Pharma Zrt. példáján
| Szerző: | |
|---|---|
| További közreműködők: | |
| Dokumentumtípus: | Diplomadolgozat |
| Kulcsszavak: | beszámoló beszámoló(k) elemzése beszámoló(k) vizsgálata elmélet és gyakorlat éves beszámoló éves beszámoló elemzése gyakorlati példák számviteli beszámoló vállalati beszámolók |
| Online Access: | http://dolgozattar.uni-bge.hu/60359 |
MARC
| LEADER | 00000nta a2200000 i 4500 | ||
|---|---|---|---|
| 001 | dolg60359 | ||
| 005 | 20260409150500.0 | ||
| 008 | 260409suuuu hu om 000 hun d | ||
| 040 | |a BGE Dolgozattár Repozitórium |b hun | ||
| 041 | |a hu | ||
| 100 | 1 | |a Árk Fanni | |
| 245 | 1 | 3 | |a Az éves beszámoló elemzésének módszerei információtartalmának vállalkozói szintű hasznosítása a Phoenix Pharma Zrt. példáján |c Árk Fanni |h [elektronikus dokumentum] |
| 520 | 3 | |a A dolgozat célja a Phoenix Pharma Zrt. éves beszámolójának elemzése és annak bemutatása, hogy a pénzügyi kimutatások milyen módon járulnak hozzá a vállalati döntéshozatalhoz. A kutatás a számviteli törvény előírásaira támaszkodva ismerteti az éves beszámoló elméleti hátterét, majd a horizontális, vertikális, mutatószám- és cash-flow elemzés módszereit alkalmazza a 2021–2024 közötti időszak adataira. A vizsgálat részletesen értékeli a cég vagyoni, pénzügyi és jövedelmi helyzetét, különös hangsúlyt fektetve a 2024-es év tendenciáira. Az eredmények alapján megállapítható, hogy a Phoenix Pharma Zrt. stabilan működő, forgótőke-igényes nagykereskedelmi vállalat, amely a szigorú piaci és szabályozási környezet ellenére is kiegyensúlyozott likviditással és hatékonysággal rendelkezik. A dolgozat rávilágít arra, hogy az éves beszámoló nem csupán kötelező dokumentum, hanem olyan stratégiai információforrás, amely támogatja a vezetést a fejlesztési irányok kijelölésében, a pénzügyi kockázatok felismerésében és a hosszú távú versenyképesség fenntartásában. | |
| 695 | |a beszámoló | ||
| 695 | |a beszámoló(k) elemzése | ||
| 695 | |a beszámoló(k) vizsgálata | ||
| 695 | |a elmélet és gyakorlat | ||
| 695 | |a éves beszámoló | ||
| 695 | |a éves beszámoló elemzése | ||
| 695 | |a gyakorlati példák | ||
| 695 | |a számviteli beszámoló | ||
| 695 | |a vállalati beszámolók | ||
| 700 | 1 | |a Ország dr. Adrienn |e ths | |
| 856 | 4 | 0 | |u http://dolgozattar.uni-bge.hu/60359/1/%C3%81rk%20Fanni%20Szakdolgozat%202025%20QH35EE.pdf |z Dokumentum-elérés |
| 856 | 4 | 0 | |u http://dolgozattar.uni-bge.hu/60359/2/%C3%81rk%20Fanni%20-%20QH35EE%20-%20Mell%C3%A9kletek%202025.pdf |z Dokumentum-elérés |
| 856 | 4 | 0 | |u http://dolgozattar.uni-bge.hu/60359/3/B%C3%ADr%C3%A1lat_%C3%81rk_Fanni.pdf |z Dokumentum-elérés |